[Event "SR 4. liga A21 2010/2011"]
[Site "?"]
[Date "2011.03.06"]
[Round "10.6"]
[White "Oravec, Pavol"]
[Black "Pripko, Bystrik"]
[Result "1-0"]
[WhiteElo "1373"]
[BlackElo "1607"]
[PlyCount "57"]
[EventDate "2010.??.??"]

1. d4 d5 2. Nf3 Nf6 3. Bg5 h6 4. Bh4 e6 5. e3 Be7 6. Bd3 O-O 7. Nbd2 Nc6 8. c3
a6 9. Rc1 b5 10. Bb1 Bb7 11. Qc2 g6 12. Bxf6 Bxf6 13. e4 dxe4 14. Nxe4 Bg7 15.
Nc5 Bc8 16. O-O Ne7 17. Qe4 Rb8 18. Qh4 Nd5 19. Qg3 Qf6 20. Rfe1 Re8 21. Ne5
Re7 22. Nc6 Rb6 23. Nxe7+ Qxe7 24. Re2 Rd6 25. Rce1 g5 26. Qe3 Nf6 27. Ne4 Nxe4
28. Qxe4 Rd5 29. Qxd5 1-0

[Event "SR 4. liga A21 2010/2011"]
[Site "?"]
[Date "2011.03.06"]
[Round "10.6"]
[White "Piestansky, Jan"]
[Black "Divinec, Peter"]
[Result "1-0"]
[WhiteElo "1587"]
[BlackElo "1000"]
[PlyCount "54"]
[EventDate "2010.??.??"]

1. e4 c5 2. Nf3 d6 3. h3 Nf6 4. Bd3 Nc6 5. c3 a6 6. Bc2 e6 7. d3 Be7 8. Be3 O-O
9. O-O b5 10. a3 Bb7 11. Nbd2 Qc7 12. Nh2 d5 13. f4 dxe4 14. dxe4 Rad8 15. Qe2
e5 16. f5 Ne8 17. Ng4 f6 18. Qf2 Nb8 19. Rad1 c4 20. Bb6 Qc6 21. Bxd8 Bxd8 22.
Kh2 Kh8 23. Nxc4 Bc7 24. Nce3 Nd6 25. Nd5 Qc4 26. Nge3 Nxe4 27. Bxe4 Bxd5 1-0

[Event "SR 4. liga A21 2010/2011"]
[Site "?"]
[Date "2011.03.06"]
[Round "10.6"]
[White "Slaby, Jozef"]
[Black "Orvisky, Vladimir"]
[Result "0-1"]
[WhiteElo "1865"]
[BlackElo "1845"]
[PlyCount "114"]
[EventDate "2010.??.??"]

1. d4 d5 2. c4 c6 3. e3 Bf5 4. Nf3 Nf6 5. Be2 dxc4 6. Bxc4 e6 7. a3 Be7 8. Nbd2
h6 9. Nb3 Nbd7 10. Bd2 Ne4 11. Rc1 a5 12. Be2 Qb6 13. O-O O-O 14. a4 Ndf6 15.
Bc3 Rfd8 16. Nfd2 Nxc3 17. bxc3 Qc7 18. h3 Ba3 19. Rc2 Bxc2 20. Qxc2 Be7 21.
Nf3 Nd7 22. Qe4 Nf6 23. Qc2 c5 24. Ne5 Nd7 25. Nc4 b6 26. Qe4 Nf6 27. Qc2 Rac8
28. Ne5 cxd4 29. exd4 Qxc3 30. Qb1 Qc2 31. Bb5 Nd5 32. Qxc2 Rxc2 33. Nc1 Bf6
34. Nf3 Nc3 35. Bd3 Rb2 36. Bb5 Nxb5 37. axb5 Rxb5 38. Ne2 Rb2 39. Nc3 Bxd4 40.
Ne4 f5 41. Ng3 Bc5 42. Nh5 g5 43. g4 Rd3 44. Kg2 Rc3 45. gxf5 exf5 46. Ng3 f4
47. Ne4 Rcc2 48. Ne5 Bd4 49. Nf3 Bg7 50. Rd1 Re2 51. Rd8+ Kh7 52. Nfd2 Bc3 53.
Rd7+ Kg6 54. Rd6+ Kh5 55. Nxc3 Rbxd2 56. Rf6 Rxf2+ 57. Kg1 Rf3 0-1

[Event "SR 4. liga A21 2010/2011"]
[Site "?"]
[Date "2011.03.06"]
[Round "10.6"]
[White "Vagovic, Milan"]
[Black "Sedlak, Rastislav"]
[Result "0-1"]
[WhiteElo "1667"]
[BlackElo "1560"]
[PlyCount "70"]
[EventDate "2010.??.??"]

1. d4 d5 2. c4 c6 3. Nf3 Bf5 4. Nc3 Nf6 5. Qb3 b6 6. e3 e6 7. Be2 Bd6 8. Qd1
O-O 9. O-O Nbd7 10. Re1 h6 11. a3 a5 12. Na4 dxc4 13. Nd2 b5 14. Nc3 Nd5 15. e4
Nxc3 16. bxc3 Bg6 17. e5 Be7 18. Bf3 Rc8 19. a4 Qb6 20. Be4 c5 21. axb5 cxd4
22. Bc6 Qc7 23. Nxc4 dxc3 24. Nxa5 Nxe5 25. Bf4 Bd6 26. Qd4 Nxc6 27. Nxc6 Bxf4
28. Ra7 Qd6 29. Ne7+ Kh7 30. Qa4 Qd2 31. Rf1 c2 32. Nxg6 Kxg6 33. g3 c1=Q 34.
Rxc1 Rxc1+ 35. Kg2 Qd5+ 0-1

[Event "SR 4. liga A21 2010/2011"]
[Site "?"]
[Date "2011.03.20"]
[Round "11.1"]
[White "Berger, Patrik"]
[Black "Orvisky, Vladimir"]
[Result "0-1"]
[WhiteElo "1720"]
[BlackElo "1845"]
[PlyCount "104"]
[EventDate "2010.??.??"]
[TimeControl "240+2"]

1. e4 Nf6 2. e5 Nd5 3. d4 d6 4. c4 Nb6 5. Nf3 Bg4 6. exd6 exd6 7. Be2 Be7 8.
O-O O-O 9. b3 Bf6 10. Bb2 Nc6 11. Nbd2 Re8 12. Re1 d5 13. c5 Nd7 14. Qc2 g6 15.
a3 Bf5 16. Bd3 Rxe1+ 17. Rxe1 Bxd3 18. Qxd3 Nxc5 19. Qb5 Ne6 20. Qxb7 Nexd4 21.
Bxd4 Nxd4 22. Nxd4 Bxd4 23. Nf3 Bb6 24. Rd1 d4 25. b4 a5 26. b5 Rb8 27. Qe4 Qd6
28. Qd3 Rd8 29. Rc1 Qd5 30. Re1 Qd6 31. Rc1 Qf4 32. Re1 Qd6 33. Rc1 Re8 34. Rc6
Qe7 35. Kf1 Qe4 36. Qxe4 Rxe4 37. Rc4 f5 38. Nd2 Re5 39. f3 Rc5 40. Rxc5 Bxc5
41. a4 Kf7 42. Nc4 Bb6 43. Ke2 Ke6 44. Kd3 Kd5 45. Na3 c6 46. Nc4 Bc7 47. b6
Bxh2 48. Nxa5 c5 49. Nc4 Kc6 50. Ke2 h5 51. Kf2 h4 52. Ke2 g5 0-1

[Event "SR 4. liga A21 2010/2011"]
[Site "?"]
[Date "2011.03.20"]
[Round "11.1"]
[White "Gubis, Vladimir"]
[Black "Harasta, Juraj"]
[Result "1-0"]
[WhiteElo "1795"]
[BlackElo "1706"]
[PlyCount "63"]
[EventDate "2010.??.??"]
[TimeControl "240+2"]

1. d4 d5 2. Bf4 Nf6 3. e3 Bf5 4. Bd3 Bxd3 5. Qxd3 e6 6. Nf3 Bd6 7. Bg3 O-O 8.
Nbd2 Nbd7 9. c4 Re8 10. cxd5 Nxd5 11. Bxd6 cxd6 12. O-O Rc8 13. Rac1 N7b6 14.
Qa3 Rxc1 15. Rxc1 a6 16. g3 Re7 17. Qa5 Rc7 18. Rxc7 Qxc7 19. e4 Nf6 20. b3 Qc6
21. e5 Nfd7 22. exd6 Qxd6 23. Qc3 h6 24. Ne5 Nd5 25. Qc8+ Nf8 26. Qxb7 Nc3 27.
Qxf7+ Kh7 28. Ndf3 Ne2+ 29. Kg2 Nxd4 30. Ng4 Nxf3 31. Nf6+ Kh8 32. Qg8# 1-0

[Event "SR 4. liga A21 2010/2011"]
[Site "?"]
[Date "2011.03.20"]
[Round "11.1"]
[White "Harasta, Marian"]
[Black "Sedlak, Rastislav"]
[Result "1-0"]
[WhiteElo "1663"]
[BlackElo "1560"]
[PlyCount "131"]
[EventDate "2010.??.??"]
[TimeControl "240+2"]

1. d4 d5 2. c4 c6 3. Nc3 Nf6 4. Nf3 Bf5 5. e3 e6 6. c5 Be7 7. Bd3 Bxd3 8. Qxd3
O-O 9. b4 a5 10. Ba3 b6 11. O-O axb4 12. Bxb4 Na6 13. a3 Nxb4 14. axb4 b5 15.
Ne5 Qc7 16. Ra5 Rxa5 17. bxa5 Nd7 18. Nxd7 Qxd7 19. e4 Ra8 20. Ra1 Bd8 21. exd5
exd5 22. a6 Qc8 23. Qe2 Bf6 24. Qe3 h6 25. a7 Qb7 26. g3 Rxa7 27. Rb1 Ra3 28.
Qd2 b4 29. Ne2 b3 30. Qc3 Qb5 31. Nc1 Qc4 32. Qb2 Qc2 33. Nxb3 Qxb2 34. Rxb2
Ra4 35. Rd2 Rb4 36. Rd3 g5 37. Kg2 Kg7 38. Kf3 Kg6 39. g4 h5 40. h3 Bg7 41. Ke3
f5 42. gxf5+ Kxf5 43. Na5 Bh6 44. Nxc6 g4+ 45. Ke2 Rb2+ 46. Kf1 Ke4 47. Ra3 Bg7
48. Re3+ Kf4 49. hxg4 hxg4 50. Ne5 Rd2 51. c6 Rxd4 52. c7 Bxe5 53. c8=Q Bf6 54.
Qc7+ Kf5 55. Qd7+ Kg5 56. Qe6 Rd2 57. Re5+ Bxe5 58. Qxe5+ Kg6 59. Qe6+ Kh5 60.
Qf5+ Kh4 61. Qf4 Rxf2+ 62. Kxf2 Kh5 63. Qf5+ Kh4 64. Qxd5 g3+ 65. Kg1 Kh3 66.
Qh5# 1-0

[Event "SR 4. liga A21 2010/2011"]
[Site "?"]
[Date "2011.03.20"]
[Round "11.1"]
[White "Nemsak, Denis"]
[Black "Brisudova, Veronika"]
[Result "1-0"]
[WhiteElo "1791"]
[BlackElo "1797"]
[PlyCount "41"]
[EventDate "2010.??.??"]
[TimeControl "240+2"]

1. c4 f5 2. Nc3 Nf6 3. d4 g6 4. Nf3 Bg7 5. g3 O-O 6. Bg2 d6 7. O-O Nbd7 {?} 8.
Ng5 Nb6 9. Qb3 c5 10. dxc5 h6 11. cxb6 hxg5 12. c5+ Kh7 13. cxd6 Qxd6 14. Bxg5
axb6 15. Rfd1 Qe6 16. Qb4 Ra6 17. e3 b5 18. Nd5 Nxd5 19. Bxd5 Qe5 20. Qh4+ Bh6
21. Qxh6# 1-0

[Event "SR 4. liga A21 2010/2011"]
[Site "?"]
[Date "2011.03.20"]
[Round "11.1"]
[White "Oravec, Pavol"]
[Black "Jarabek, Milan"]
[Result "1-0"]
[WhiteElo "1373"]
[BlackElo "1522"]
[PlyCount "81"]
[EventDate "2010.??.??"]
[TimeControl "240+2"]

1. d4 Nf6 2. Nf3 g6 3. Bg5 Bg7 4. e3 O-O 5. Bd3 d5 6. c3 Nbd7 7. Nbd2 c5 8. Rc1
b6 9. O-O Qc7 10. Bf4 Qd8 11. Ne5 Bb7 12. Ndf3 Nh5 13. Nxd7 Qxd7 14. Ne5 Qd8
15. Re1 Nxf4 16. exf4 Qc7 17. f5 Bxe5 18. Rxe5 Qd6 19. fxg6 fxg6 20. Qe2 Rf7
21. Re6 Qf4 22. Rf1 Re8 23. g3 Qf3 24. Qxf3 Rxf3 25. Bb5 Ref8 26. Rxe7 R8f7 27.
Rxf7 Rxf7 28. Re1 a6 29. Re8+ Rf8 30. Rxf8+ Kxf8 31. Bd3 c4 32. Bc2 Kf7 33. f4
Bc8 34. Kf2 b5 35. Ke3 a5 36. Bd1 Kf6 37. g4 Bd7 38. Bf3 Bc6 39. g5+ Kf5 40. h3
Bb7 41. Bg4# 1-0

[Event "SR 4. liga A21 2010/2011"]
[Site "?"]
[Date "2011.03.20"]
[Round "11.2"]
[White "Pripko, Bystrik"]
[Black "Spacek, Marcel"]
[Result "0-1"]
[WhiteElo "1607"]
[BlackElo "1724"]
[PlyCount "58"]
[EventDate "2010.??.??"]

1. e4 c5 2. Bc4 e6 3. Nf3 a6 4. a3 b5 5. Be2 Bb7 6. d3 d6 7. O-O Nf6 8. Ng5 h6
9. Nh3 Nc6 10. f4 e5 11. f5 Nd4 12. c3 Nc6 13. Nf2 a5 14. Qb3 Ba6 15. Nd2 a4
16. Qd1 Na5 17. b4 cxb4 18. cxb4 Nc6 19. Nf3 Qb6 20. Bb2 Bb7 21. h3 Be7 22. Kh1
h5 23. h4 Ng4 24. Nxg4 hxg4 25. Nh2 g3 26. Nf3 Bxh4 27. d4 Bg5+ 28. Kg1 Be3+
29. Rf2 Bxf2+ 0-1

[Event "SR 4. liga A21 2010/2011"]
[Site "?"]
[Date "2011.03.20"]
[Round "11.2"]
[White "Prvy, Alojz"]
[Black "Perickova, Jana"]
[Result "0-1"]
[WhiteElo "1529"]
[BlackElo "1560"]
[PlyCount "52"]
[EventDate "2010.??.??"]

1. e4 e5 2. Nf3 Nc6 3. Bb5 a6 4. Ba4 Nf6 5. O-O b5 6. Bb3 Be7 7. Re1 O-O 8. c3
d5 9. exd5 Nxd5 10. Nxe5 Nxe5 11. Rxe5 Nf6 12. d4 Bd6 13. Re1 Ng4 14. g3 Nxh2
15. Kxh2 Qh4+ 16. Kg1 Bxg3 17. fxg3 Qxg3+ 18. Kh1 Bg4 19. Qxg4 Qxg4 20. Bd2
Rfe8 21. Na3 h5 22. Bd5 Rad8 23. Bg2 Re2 24. Rxe2 Qxe2 25. Bg5 f6 26. Bf4 Qxb2
0-1

[Event "SR 4. liga A21 2010/2011"]
[Site "?"]
[Date "2011.03.20"]
[Round "11.2"]
[White "Sadlon, Juraj"]
[Black "Piestansky, Jan"]
[Result "1-0"]
[WhiteElo "1873"]
[BlackElo "1587"]
[PlyCount "65"]
[EventDate "2010.??.??"]

1. e4 e5 2. Nf3 d6 3. Bc4 h6 4. O-O Nf6 5. Nc3 Be7 6. d4 exd4 7. Nxd4 O-O 8.
Bf4 a6 9. Qd3 Bd7 10. Nd5 Nxd5 11. Bxd5 c6 12. Bb3 Bg5 13. Bxd6 Re8 14. f4 Be7
15. Bxe7 Rxe7 16. Rae1 Bg4 17. Nf3 Nd7 18. h3 Bh5 19. g4 Bg6 20. f5 Bh7 21. Qd4
Qc7 22. Kg2 c5 23. Qc3 b5 24. Bd5 Rae8 25. b4 c4 26. Re3 Nb6 27. Rfe1 Nxd5 28.
exd5 Rxe3 29. Rxe3 Rd8 30. Qe5 Qd7 31. d6 Kf8 32. Qe7+ Kg8 33. Qxd7 1-0

[Event "SR 4. liga A21 2010/2011"]
[Site "?"]
[Date "2011.03.20"]
[Round "11.2"]
[White "Sadlon, Matus"]
[Black "Piestansky, Dusan"]
[Result "1-0"]
[WhiteElo "1419"]
[BlackElo "1442"]
[PlyCount "85"]
[EventDate "2010.??.??"]

1. e4 e5 2. Nf3 Nc6 3. Bc4 Bb4 4. c3 Ba5 5. d4 exd4 6. Nxd4 Qf6 7. Be3 Nh6 8.
Qf3 Nxd4 9. Qxf6 Nc2+ 10. Ke2 gxf6 11. Bxh6 Nxa1 12. Na3 Rg8 13. g3 Rg4 14. Bf4
d6 15. Rxa1 Be6 16. Rd1 f5 17. exf5 Bxf5 18. Rd5 Bxc3 19. bxc3 Be6 20. Rh5 Kf8
21. Bxe6 fxe6 22. Rxh7 Rc8 23. Rh8+ Rg8 24. Bh6+ Kf7 25. Rxg8 Rxg8 26. Be3 Rg4
27. f4 e5 28. Kf3 Rg6 29. Ke4 exf4 30. Bxf4 Re6+ 31. Kf3 Re1 32. Nb5 Ra1 33. h4
Rxa2 34. h5 Rc2 35. Kg4 c6 36. Nxd6+ Kg7 37. Be5+ Kh7 38. Kg5 a5 39. h6 Rh2 40.
Bg7 a4 41. Ne8 Kg8 42. Kg6 Rf2 43. h7# 1-0

[Event "SR 4. liga A21 2010/2011"]
[Site "?"]
[Date "2011.03.20"]
[Round "11.2"]
[White "Spacek, Oliver"]
[Black "Vagovic, Milan"]
[Result "1-0"]
[WhiteElo "1887"]
[BlackElo "1667"]
[PlyCount "47"]
[EventDate "2010.??.??"]

1. d4 d5 2. c4 Nf6 3. cxd5 Qxd5 4. Nc3 Qd8 5. e4 e6 6. Be3 Be7 7. Be2 O-O 8. g4
Bb4 9. f3 h6 10. h4 Nh7 11. f4 f6 12. a3 Bd6 13. Nf3 c6 14. Qb3 Qc7 15. e5 Be7
16. Bc4 Kf7 17. f5 Ke8 18. Bxe6 Bxe6 19. Qxe6 Rf7 20. Ne4 Kf8 21. g5 fxg5 22.
hxg5 Bd8 23. Nd6 Nxg5 24. Qe8# 1-0

[Event "SR 4. liga A21 2010/2011"]
[Site "?"]
[Date "2011.03.20"]
[Round "11.3"]
[White "Danada, Tomas"]
[Black "Hrubsa, Marian"]
[Result "1/2-1/2"]
[WhiteElo "1838"]
[BlackElo "1979"]
[PlyCount "58"]
[EventDate "2010.??.??"]
[TimeControl "240+2"]

{393MB, Fritz10.ctg} 1. Nf3 d5 2. c4 e6 3. d4 Nf6 4. g3 c6 5. Qc2 Nbd7 6. Bg2
Be7 7. O-O Ne4 8. Nbd2 f5 9. Nxe4 fxe4 10. Nd2 O-O 11. f3 Bf6 12. e3 Bg5 13. f4
Be7 14. b3 Nf6 15. a4 a5 16. Ba3 Bxa3 17. Rxa3 Bd7 18. h3 b6 19. c5 Qe7 20. Rc1
Rfb8 21. Ra2 bxc5 22. Qxc5 Qxc5 23. Rxc5 Rb6 24. Rac2 Ne8 25. Bf1 Kf7 26. Kf2
Nd6 27. Be2 Ke7 28. Rc1 Nb7 29. R5c3 Kd6 1/2-1/2

[Event "SR 4. liga A21 2010/2011"]
[Site "?"]
[Date "2011.03.20"]
[Round "11.3"]
[White "Kubik, Peter"]
[Black "Ocko, Martin"]
[Result "1-0"]
[WhiteElo "1630"]
[BlackElo "1502"]
[PlyCount "59"]
[EventDate "2010.??.??"]

1. e4 e5 2. Nf3 Nc6 3. Bb5 a6 4. Ba4 Nf6 5. O-O b5 6. Bb3 Be7 7. Re1 d6 8. c3
Bg4 9. h3 Bh5 10. d4 O-O 11. Nbd2 exd4 12. g4 dxc3 13. bxc3 Bg6 14. Nh4 Ne5 15.
f4 Nd3 16. f5 Bxf5 17. gxf5 Nxe1 18. Qxe1 Nxe4 19. Qxe4 Bxh4 20. Nf3 Bf6 21.
Bd2 Qe7 22. Qg4 c5 23. Bd5 Rab8 24. Kh1 Kh8 25. Rg1 a5 26. Ng5 h6 27. Qh5 Rb7
28. Ne4 Kh7 29. Nxf6+ gxf6 30. Qg4 1-0

[Event "SR 4. liga A21 2010/2011"]
[Site "?"]
[Date "2011.03.20"]
[Round "11.3"]
[White "Pagerka, Slavomir"]
[Black "Vogl, Zdenek"]
[Result "0-1"]
[WhiteElo "1742"]
[BlackElo "1863"]
[PlyCount "48"]
[EventDate "2010.??.??"]

1. e4 e5 2. Nf3 Nc6 3. d4 exd4 4. Nxd4 d6 5. Bb5 Bd7 6. Nc3 Nf6 7. Be3 Be7 8.
f3 O-O 9. Qd2 Ne5 10. Be2 c6 11. O-O-O b5 12. Bf4 b4 13. Nb1 c5 14. Nb3 a5 15.
Bxe5 dxe5 16. Qe1 Qc7 17. Bc4 Ne8 18. Qf2 a4 19. N3d2 Nd6 20. Qe2 Bg5 21. b3
axb3 22. axb3 Ra1 23. Kb2 Qa5 24. c3 Qa2+ 0-1

[Event "SR 4. liga A21 2010/2011"]
[Site "?"]
[Date "2011.03.20"]
[Round "11.3"]
[White "Pipiska, Adam"]
[Black "Pagac, Robert"]
[Result "0-1"]
[WhiteElo "1194"]
[BlackElo "1818"]
[PlyCount "82"]
[EventDate "2010.??.??"]

1. e4 e5 2. Nf3 Nc6 3. Bc4 Nf6 4. d3 h6 5. O-O Bc5 6. Nc3 d6 7. Be3 Bb6 8. Qd2
Be6 9. h3 Qd7 10. Bxe6 fxe6 11. Qe2 O-O-O 12. Bxb6 cxb6 13. Rfb1 g5 14. a4 Nd4
15. Nxd4 exd4 16. Nb5 a6 17. Nxd4 e5 18. Nf5 h5 19. Qe3 Nd5 20. Qd2 Nf4 21. Qb4
Qc7 22. Ra3 Kb8 23. c4 Rd7 24. a5 bxa5 25. Rxa5 Nxd3 26. Qa3 Qxc4 27. Nxd6 Qd4
28. Rd5 Qxf2+ 29. Kh1 Nf4 30. Rg1 Nxd5 31. exd5 Qf8 32. Ne4 Qxa3 33. bxa3 g4
34. h4 Rxd5 35. Rb1 Rf8 36. Ng3 Rd3 37. Nxh5 Rh8 38. Nf6 Rxh4+ 39. Kg1 g3 40.
Kf1 Rd2 41. Ne8 Rh1# 0-1

[Event "SR 4. liga A21 2010/2011"]
[Site "?"]
[Date "2011.03.20"]
[Round "11.3"]
[White "Vepy, Ivan"]
[Black "Nemeckayova, Monika"]
[Result "1-0"]
[WhiteElo "1935"]
[BlackElo "1808"]
[PlyCount "55"]
[EventDate "2010.??.??"]

1. e4 c5 2. Nf3 a6 3. Nc3 Nc6 4. a3 g6 5. Bc4 e6 6. O-O Bg7 7. d3 Nge7 8. Bg5
O-O 9. Qd2 b5 10. Ba2 Re8 11. Rae1 Bb7 12. Nd1 Nd4 13. Nh4 Qc7 14. c3 Ndc6 15.
Bh6 Bh8 16. f4 d5 17. f5 Ne5 18. Qf4 Qb6 19. fxg6 N7xg6 20. Nxg6 hxg6 21. exd5
exd5 22. Kh1 f6 23. Re3 Re7 24. d4 g5 25. Bxg5 fxg5 26. Qxg5+ Qg6 27. Qxe7 Ng4
28. Qxb7 1-0

[Event "SR 4. liga A21 2010/2011"]
[Site "?"]
[Date "2011.03.20"]
[Round "11.4"]
[White "Barcaj, Jaroslav"]
[Black "Madzo, Anton"]
[Result "1/2-1/2"]
[WhiteElo "1589"]
[BlackElo "1521"]
[PlyCount "52"]
[EventDate "2010.??.??"]

1. e4 e5 2. Nf3 d6 3. Bc4 h6 4. c3 Nf6 5. d3 Nc6 6. a3 a6 7. b4 b5 8. Ba2 Bg4
9. Nbd2 Be7 10. Bb2 Nh7 11. Qc2 O-O 12. c4 Qd7 13. d4 Bxf3 14. Nxf3 exd4 15.
Nxd4 Nxd4 16. Bxd4 Bf6 17. Rd1 Bxd4 18. Rxd4 Rfe8 19. O-O Nf6 20. Qd3 Qc6 21.
Bb1 g6 22. Qf3 Kg7 23. Bd3 Qb6 24. Rd5 Nxd5 25. cxd5 Qd4 26. Rd1 Qe5 1/2-1/2

[Event "SR 4. liga A21 2010/2011"]
[Site "?"]
[Date "2011.03.20"]
[Round "11.4"]
[White "Bjel, Tomas"]
[Black "Tokos, Rastislav"]
[Result "1-0"]
[WhiteElo "1743"]
[BlackElo "1933"]
[PlyCount "67"]
[EventDate "2010.??.??"]

1. e4 c5 2. Nf3 Nc6 3. d4 cxd4 4. Nxd4 d6 5. Nxc6 bxc6 6. Bc4 Nf6 7. Nc3 e6 8.
O-O d5 9. exd5 cxd5 10. Bb5+ Bd7 11. Qe2 Be7 12. Bg5 O-O 13. Bd3 Ne8 14. Bxe7
Qxe7 15. Nxd5 Qg5 16. Qe4 f5 17. Ne7+ Qxe7 18. Qxa8 Qc5 19. Qf3 Bc6 20. Qf4 Rf6
21. Kh1 g5 22. Qc4 Qd6 23. Rae1 Nc7 24. Qc3 Nd5 25. Qe5 Qf8 26. Bc4 Nf4 27. f3
Qd8 28. Rd1 Qe7 29. Rd6 Ng6 30. Qd4 Be8 31. Re1 Bf7 32. Rd7 Qb4 33. c3 e5 34.
Bxf7+ 1-0

[Event "SR 4. liga A21 2010/2011"]
[Site "?"]
[Date "2011.03.20"]
[Round "11.4"]
[White "Palka, Martin"]
[Black "Lajda, Dusan"]
[Result "1/2-1/2"]
[WhiteElo "1855"]
[BlackElo "1890"]
[PlyCount "46"]
[EventDate "2010.??.??"]

1. e4 c5 2. Nf3 d6 3. d4 cxd4 4. Nxd4 Nf6 5. Nc3 e6 6. Be2 a6 7. a4 Qc7 8. O-O
Nbd7 9. Kh1 b6 10. f4 Bb7 11. Bf3 Rd8 12. Qe2 Be7 13. g4 h6 14. Bg2 Nh7 15. Qf2
O-O 16. h4 Rde8 17. g5 hxg5 18. hxg5 e5 19. Nf5 exf4 20. Nxe7+ Rxe7 21. Bxf4
Ne5 22. Rad1 Rd8 23. Nd5 Bxd5 1/2-1/2

[Event "SR 4. liga A21 2010/2011"]
[Site "?"]
[Date "2011.03.20"]
[Round "11.4"]
[White "Smrek, Peter"]
[Black "Lanik, Miroslav"]
[Result "1/2-1/2"]
[WhiteElo "1882"]
[BlackElo "1871"]
[PlyCount "43"]
[EventDate "2010.??.??"]

1. e4 c5 2. Nf3 d6 3. d4 cxd4 4. Nxd4 Nf6 5. Nc3 a6 6. Bc4 e6 7. Be3 Be7 8. Bb3
Qc7 9. Qe2 Nc6 10. O-O-O Na5 11. g4 Nxb3+ 12. axb3 b5 13. g5 Nd7 14. Nf5 exf5
15. Nd5 Qd8 16. exf5 Bb7 17. f6 Bxd5 18. fxe7 Qa5 19. Rhe1 Be6 20. f4 Qa1+ 21.
Kd2 Qa5+ 22. Kc1 1/2-1/2

[Event "SR 4. liga A21 2010/2011"]
[Site "?"]
[Date "2011.03.20"]
[Round "11.4"]
[White "Tomasovic, Martin"]
[Black "Dest, Stanislav"]
[Result "1-0"]
[WhiteElo "1474"]
[BlackElo "1000"]
[PlyCount "69"]
[EventDate "2010.??.??"]

1. e4 e5 2. Nf3 d6 3. Bc4 Be7 4. d3 Nf6 5. Nc3 Bd7 6. Bg5 Nc6 7. Ne2 Na5 8.
Bxf6 Bxf6 9. Nd2 Nxc4 10. Nxc4 Be6 11. Ne3 Qd7 12. h3 Bg5 13. Qd2 d5 14. Qb4
O-O-O 15. exd5 Bxd5 16. Nxd5 Qxd5 17. Qg4+ Rd7 18. Qxg5 f6 19. Qg3 f5 20. O-O
f4 21. c4 Qc6 22. Qg4 h5 23. Qf5 Qd6 24. d4 exd4 25. Nxf4 Rf8 26. Qxh5 Qxf4 27.
Qg4 Qf7 28. b3 d3 29. Rad1 Kb8 30. f3 Rfd8 31. Rfe1 d2 32. Re2 Qf8 33. Qg5 Qb4
34. Qf5 Qc3 35. Qxd7 1-0

[Event "SR 4. liga A21 2010/2011"]
[Site "?"]
[Date "2011.03.20"]
[Round "11.5"]
[White "Bango, Dominik"]
[Black "Drabek, Martin"]
[Result "0-1"]
[WhiteElo "1258"]
[BlackElo "1499"]
[PlyCount "44"]
[EventDate "2010.??.??"]

1. e4 e5 2. Nf3 Nc6 3. Bc4 Bc5 4. O-O d6 5. h3 h6 6. d3 Nf6 7. Nc3 O-O 8. Re1
a6 9. Bb3 Be6 10. Be3 Nd4 11. Bxd4 Bxd4 12. Nxd4 exd4 13. Ne2 c5 14. c3 dxc3
15. Nxc3 Qb6 16. Bxe6 fxe6 17. b3 Nd7 18. Re3 Rf6 19. Rg3 Ne5 20. Qd2 Raf8 21.
f3 Nxd3 22. Qxd3 c4+ 0-1

[Event "SR 4. liga A21 2010/2011"]
[Site "?"]
[Date "2011.03.20"]
[Round "11.5"]
[White "Jablonicky, Boris"]
[Black "Vach, Jozef"]
[Result "0-1"]
[WhiteElo "1745"]
[BlackElo "1900"]
[PlyCount "100"]
[EventDate "2010.??.??"]

1. c4 c5 2. Nc3 Nc6 3. Nf3 Nf6 4. g3 g6 5. Bg2 Bg7 6. O-O d6 7. a3 O-O 8. d3
Re8 9. Rb1 Bd7 10. b4 Qc8 11. Re1 Rb8 12. b5 Nd4 13. Nxd4 cxd4 14. Ne4 Nxe4 15.
Bxe4 b6 16. Bb2 Qc7 17. e3 dxe3 18. Rxe3 Bh6 19. Re1 Bc8 20. Qc2 Bb7 21. Qc3 f6
22. Bxb7 Rxb7 23. Qc2 e5 24. Qe2 Re7 25. Qf3 Bg7 26. Qd5+ Kf8 27. Bc3 Qc5 28.
Bb4 Qxd5 29. cxd5 Red7 30. Rbc1 Rb8 31. Rc6 Rbd8 32. a4 Ke7 33. f4 Kf7 34. Re2
exf4 35. gxf4 f5 36. a5 Bd4+ 37. Kf1 bxa5 38. Bxa5 Rb8 39. b6 axb6 40. Bb4 Bc5
41. Rb2 Ra8 42. Bc3 Be3 43. Bd2 Bxd2 44. Rxd2 Ra5 45. Rxb6 Rxd5 46. Kf2 Ra7 47.
Ke3 Kf6 48. h4 h6 49. Rb8 Ra1 50. Rh8 Rh1 0-1

[Event "SR 4. liga A21 2010/2011"]
[Site "?"]
[Date "2011.03.20"]
[Round "11.5"]
[White "Kubis, Ivan"]
[Black "Jablonicky, Martin"]
[Result "1-0"]
[WhiteElo "1980"]
[BlackElo "1884"]
[PlyCount "65"]
[EventDate "2010.??.??"]

1. e4 c5 2. Nf3 Nc6 3. d4 cxd4 4. Nxd4 Nf6 5. Nc3 e5 6. Ndb5 d6 7. Bg5 a6 8.
Na3 b5 9. Bxf6 gxf6 10. Nd5 f5 11. Bd3 Be6 12. O-O Rb8 13. c3 Bxd5 14. exd5 Ne7
15. Nc2 Qd7 16. Nb4 e4 17. Bc2 a5 18. Nc6 Nxc6 19. dxc6 Qxc6 20. Qh5 Qd7 21. f3
d5 22. fxe4 fxe4 23. Rad1 Bc5+ 24. Kh1 Rg8 25. Rxd5 Bd6 26. Rxd6 Qxd6 27. Qxf7+
Kd8 28. Rd1 Qxd1+ 29. Bxd1 Rg6 30. Qd5+ Kc7 31. Qxe4 Rf8 32. Bf3 Rd6 33. Qe7+
1-0

[Event "SR 4. liga A21 2010/2011"]
[Site "?"]
[Date "2011.03.20"]
[Round "11.5"]
[White "Planka, Peter"]
[Black "Lezovic, Martin"]
[Result "1-0"]
[WhiteElo "1798"]
[BlackElo "1516"]
[PlyCount "29"]
[EventDate "2010.??.??"]

1. e4 e5 2. Nf3 Nc6 3. Bb5 d6 4. d4 Bd7 5. O-O a6 6. Ba4 b5 7. Bb3 Nf6 8. Ng5
Nxe4 9. Nxf7 Qf6 10. dxe5 Nxe5 11. Nxh8 Ng4 12. Qd5 Nexf2 13. Qf7+ Qxf7 14.
Bxf7+ Kd8 15. Rxf2 1-0

[Event "SR 4. liga A21 2010/2011"]
[Site "?"]
[Date "2011.03.20"]
[Round "11.6"]
[White "Cerovsky, Marian"]
[Black "Kurinec, Jozef"]
[Result "1/2-1/2"]
[WhiteElo "1783"]
[BlackElo "1837"]
[PlyCount "133"]
[EventDate "2010.??.??"]

1. e4 c5 2. Nc3 e6 3. Bc4 Nc6 4. a4 a6 5. d3 Nf6 6. Bg5 h6 7. Bh4 Be7 8. Bg3 d6
9. f4 d5 10. Ba2 dxe4 11. dxe4 Qxd1+ 12. Rxd1 Nd4 13. Rd2 b5 14. e5 Ng4 15.
Nge2 Ne3 16. Nxd4 cxd4 17. Nd1 Bb4 18. c3 dxc3 19. bxc3 Bc5 20. Nxe3 Bxe3 21.
Re2 Bc5 22. Bb3 Bb7 23. Kd2 O-O 24. Kc2 Rfd8 25. Rd1 Rxd1 26. Kxd1 Bc6 27. a5
Rd8+ 28. Kc2 g5 29. h3 Kf8 30. Bh2 Ke7 31. Bg3 Ba7 32. fxg5 hxg5 33. Be1 Bd5
34. Bd2 Bxb3+ 35. Kxb3 f6 36. Bc1 Bc5 37. exf6+ Kxf6 38. Re4 Rd5 39. Rg4 Bd6
40. h4 gxh4 41. Rxh4 Rd1 42. Kc2 Rg1 43. g4 Bc7 44. g5+ Kf5 45. c4 Bxa5 46.
cxb5 axb5 47. Rf4+ Ke5 48. Rf8 Be1 49. Bb2+ Ke4 50. Re8 Rg2+ 51. Kb1 Kf5 52.
Rf8+ Ke4 53. Re8 Kd5 54. Rd8+ Kc6 55. Rg8 Kd5 56. g6 Kc4 57. g7 Kb3 58. Bc1 Bc3
59. Rb8 Rxg7 60. Rxb5+ Kc4 61. Rb6 Ra7 62. Rxe6 Kb3 63. Rb6+ Bb4 64. Bb2 Rc7
65. Bc1 Rf7 66. Bd2 Rf1+ 67. Bc1 1/2-1/2

[Event "SR 4. liga A21 2010/2011"]
[Site "?"]
[Date "2011.03.20"]
[Round "11.6"]
[White "Damborsky, Pavol"]
[Black "Forner, Marian"]
[Result "1/2-1/2"]
[WhiteElo "1649"]
[BlackElo "1428"]
[PlyCount "110"]
[EventDate "2010.??.??"]

1. c4 c5 2. Nc3 Nf6 3. g3 e5 4. Bg2 d6 5. e3 Be7 6. Nge2 a6 7. O-O O-O 8. b3
Ra7 9. Bb2 Bd7 10. d3 Qc8 11. Nd5 Nxd5 12. Bxd5 Nc6 13. f4 exf4 14. Nxf4 Bg5
15. Rf2 Bxf4 16. Rxf4 Be6 17. Qh5 Bxd5 18. cxd5 Ne7 19. Raf1 Ng6 20. Rf5 b6 21.
Qg5 f6 22. Qg4 Qe8 23. e4 a5 24. Rh5 Qc8 25. Qxc8 Rxc8 26. Rhf5 Rf8 27. Kg2
Raf7 28. h4 Ne7 29. R5f4 Nc8 30. R1f2 Na7 31. d4 Nc8 32. dxc5 bxc5 33. Bc3 Ra7
34. Rg4 Kh8 35. Rc2 Ne7 36. Rf2 Ng6 37. h5 Ne5 38. Bxe5 dxe5 39. Rc2 Rc8 40.
Rh4 Kg8 41. Rh1 Kf7 42. Rhc1 Rac7 43. Rc4 Ke7 44. a3 Kd6 45. Kf3 Rb8 46. R1c3
Rb5 47. g4 h6 48. Ke2 Rcb7 49. a4 Rb4 50. Kd3 Rxc4 51. Kxc4 Rb4+ 52. Kd3 Rd4+
53. Ke3 Rb4 54. Kd3 Rd4+ 55. Ke3 Rb4 1/2-1/2